Statistics for Ologies: Guess the ology

Click here to take the quiz!

General Stats

  • This quiz has been taken 648 times
    (642 since last reset)
  • The average score is 12 of 28

Answer Stats

Hint Answer % Correct
living thingsBiology
90%
EarthGeology
79%
stars(for making predictions)Astrology
78%
mind and behaviorPsychology
74%
mythsMythology
67%
animalsZoology
67%
climate and weatherMeteorology
66%
maps and map-makingCartology
56%
earthquakesSeismology
54%
climateClimatology
52%
past culture of humansArchaeology
52%
ancient life, studied through fossilsPaleontology
46%
nerve systemsNeurology
43%
musicMusicology
39%
insectsEntomology
39%
ideasIdeology
36%
interactions in environmentsEcology
36%
volcanoesVulcanology
34%
eyesOphthalmology
30%
fishIchthyology
26%
fungiMycology
22%
reptilesHerpetology
21%
handwritingGraphology
20%
cultural heritageEthnology
9%
ancient animalsPaleozoology
6%
characteristics and history of a placeTopology
6%
plants(usually called botany)Phytology
5%
structure of organismsMorphology
4%

Score Distribution

Percentile by Number Answered

Percent of People with Each Score

Your Score History

You have not taken this quiz since the last reset